GALERIA DE MARTIRES MEXICANOS: 1926-1927 /

Guardado en:
Detalles Bibliográficos
Formato: Libro
Temas:
Etiquetas: Agrega una etiqueta
Sin etiquetas, Sé el primero en etiquetar este registro!

MARC

LEADER 00000nam^a2200000^a^4500
001 000257643
005 20250526000000.0
009 20260310110256.097
035 |a C25030 
037 |a Acervo Xavier Clavigero 
082 |a 272. 972  |b GAL 
245 1 0 |a GALERIA DE MARTIRES MEXICANOS:  |b 1926-1927 /  |c S/A 
264 |a SAN ANTONIO, TEXAS :  |b UNIVERSAL 
300 |a [35 H.] :  |b retrs. 
336 |a texto  |b txt  |2 rdacontenido 
337 |a sin mediación  |b n  |2 rdamedio 
338 |a volumen  |b nc  |2 rdasoporte 
649 |a XX 
650 |a Mártires Mexicanos 
650 |a Guerra Cristera 
910 |a Fondo Jesús Gómez Fregoso S.J. FXC 
920 |a Impresos - Libros 
930 |a Libros Antiguos y Raros 
940 |a Guerra Cristera 
905 |a 110 
901 |a 025030  |b IT2  |c LRA  |i C25030  |u 20250526 
901 |a 025031  |b IT2  |c LRA  |i C25031  |u 20250526 
902 |a https://opac.biblio.iteso.mx/vufind/Record/000257643